[Event "Bad Woerishofen sen"]
[Site "?"]
[Date "2008.03.05"]
[Round "7"]
[White "Ljubarskij, Juri"]
[Black "Weigel, Herbert"]
[Result "1-0"]
[WhiteElo "2317"]
[BlackElo "2135"]
[PlyCount "79"]
[EventDate "2008.??.??"]
 
1. e4 e5 2. Nf3 Nc6 3. Bb5 a6 4. Ba4 Nf6 5. O-O b5 6. Bb3 Bb7 7. Re1 Bc5 8. c3
d6 9. d4 Bb6 10. Bg5 O-O 11. Qd3 h6 12. Bh4 Qe7 13. Nbd2 Rad8 14. Nf1 Nb8 15.
Ne3 g6 16. Ng4 Nbd7 17. Nxh6+ Kg7 18. Ng4 Rh8 19. Nxf6 Nxf6 20. Bg5 Rh5 21. h4
c5 22. Bd5 Bc8 23. dxe5 dxe5 24. c4 b4 25. a3 a5 26. axb4 cxb4 27. Rec1 Rdh8
28. c5 Bc7 29. Qb5 Bg4 30. Nd2 Rxg5 31. hxg5 Nxd5 32. exd5 Qxg5 33. Qd3 Qh5 34.
f3 Bf5 35. Ne4 Qh2+ 36. Kf2 Qh4+ 37. Ke2 Bc8 38. Rh1 Qd8 39. Rxh8 Kxh8 40. d6
1-0

[Event "Bad Woerishofen sen"]
[Site "?"]
[Date "2008.03.05"]
[Round "7"]
[White "Goy, Udo"]
[Black "Straub, Peter"]
[Result "1/2-1/2"]
[WhiteElo "2282"]
[BlackElo "2137"]
[PlyCount "45"]
[EventDate "2008.??.??"]
 
1. d4 Nf6 2. c4 e5 3. dxe5 Ng4 4. e4 Nxe5 5. Be2 Bc5 6. Nf3 Nbc6 7. O-O O-O 8.
Nc3 d6 9. Bf4 Be6 10. Nd5 Nxf3+ 11. Bxf3 Ne5 12. b4 Nxf3+ 13. Qxf3 Bxd5 14.
exd5 Bxb4 15. Qb3 Qf6 16. Be3 Ba5 17. Qxb7 Bb6 18. Rac1 Bxe3 19. fxe3 Qe7 20.
Rf3 Rab8 21. Qxa7 Ra8 22. Qd4 Rxa2 23. Rf2 1/2-1/2

[Event "Bad Woerishofen sen"]
[Site "?"]
[Date "2008.03.05"]
[Round "7"]
[White "Budt, Karl-Heinz"]
[Black "Weinwurm, Wolfgang Dr"]
[Result "0-1"]
[WhiteElo "2143"]
[BlackElo "2177"]
[PlyCount "56"]
[EventDate "2008.??.??"]
 
1. c4 Nf6 2. Nc3 g6 3. d4 Bg7 4. e4 d6 5. Be2 O-O 6. Nf3 Nbd7 7. O-O e5 8. d5
Nc5 9. Bg5 h6 10. Bxf6 Qxf6 11. b4 Nd7 12. Nd2 Qe7 13. Nb3 f5 14. Rc1 Nf6 15.
exf5 gxf5 16. c5 Kh8 17. cxd6 cxd6 18. Nb5 a6 19. Nc7 Ra7 20. b5 axb5 21. Nxb5
Rxa2 22. Rc7 Qd8 23. Bc4 Ne8 24. Nc5 Nxc7 25. Nxc7 Qxc7 26. Ne6 Qxc4 27. Qb1
Bxe6 28. dxe6 Qxe6 0-1

[Event "Bad Woerishofen sen"]
[Site "?"]
[Date "2008.03.05"]
[Round "7"]
[White "Zunker, Reinhard Dr"]
[Black "Schumacher, Helmut"]
[Result "1-0"]
[WhiteElo "2251"]
[BlackElo "1898"]
[PlyCount "135"]
[EventDate "2008.??.??"]
 
1. e4 e6 2. d4 d5 3. Nc3 Bb4 4. e5 c5 5. a3 Bxc3+ 6. bxc3 Qa5 7. Bd2 Qa4 8. Qb1
c4 9. Ne2 Nc6 10. g3 Bd7 11. Nf4 h5 12. h4 O-O-O 13. Be2 g6 14. Qb2 Nh6 15. Ng2
Rdf8 16. Bg5 Nf5 17. Kd2 Qa5 18. Kc1 Kb8 19. Bf6 Rh7 20. Ne3 Rc8 21. Nxf5 gxf5
22. Rb1 b6 23. a4 Nd8 24. Ra1 Nb7 25. Qa3 Rg8 26. Kd2 Kc7 27. Ke3 a6 28. Be7 b5
29. Rhb1 Qb6 30. axb5 Bxb5 31. Bf6 Re8 32. Qc1 Nd8 33. Qd1 Nc6 34. Bxh5 Ne7 35.
Be2 Ng6 36. f4 Rg8 37. Qc1 Nf8 38. Kf2 Nd7 39. Bg5 Rhg7 40. Qa3 Re8 41. Rh1
Rgg8 42. Be7 Rg7 43. Bf3 Reg8 44. Rag1 Qc6 45. h5 Qb6 46. Rh4 Rh7 47. g4 fxg4
48. Rgxg4 Rxg4 49. Rxg4 Bc6 50. Bb4 Kb7 51. Rg8 f6 52. Bd6 fxe5 53. fxe5 a5 54.
Qa2 a4 55. Qa3 Qb1 56. Qb4+ Qxb4 57. Bxb4 Nb8 58. Kg3 Na6 59. Ba3 Nc7 60. Kh4
Nb5 61. Bb4 a3 62. Rg1 Be8 63. Bg4 Kc6 64. Kg5 a2 65. Ra1 Rg7+ 66. Kh4 Ra7 67.
Bxe6 Na3 68. Rxa2 1-0

[Event "Bad Woerishofen sen"]
[Site "?"]
[Date "2008.03.05"]
[Round "7"]
[White "Hein, Manfred"]
[Black "Mittermaier, Walter"]
[Result "0-1"]
[WhiteElo "2137"]
[BlackElo "2164"]
[PlyCount "92"]
[EventDate "2008.??.??"]
 
1. e4 e5 2. Nf3 Nc6 3. Bb5 Bc5 4. O-O Nge7 5. c3 Bb6 6. h3 O-O 7. Na3 a6 8. Ba4
d6 9. Bc2 Ng6 10. d3 h6 11. Nc4 Ba7 12. Be3 Bxe3 13. fxe3 f5 14. exf5 Bxf5 15.
Ncd2 Nh4 16. Nxh4 Qxh4 17. Qe1 Qxe1 18. Raxe1 g5 19. Bb3+ Kg7 20. e4 Bd7 21.
Rxf8 Rxf8 22. Rf1 Ne7 23. Rxf8 Kxf8 24. Kh2 Kg7 25. Bd1 Bb5 26. c4 Bc6 27. Nf1
b5 28. b3 b4 29. Ne3 a5 30. Bg4 Kf6 31. Kg1 Be8 32. Kf2 h5 33. Bf5 h4 34. g4 a4
35. Ke1 a3 36. Kd2 Bf7 37. Nc2 c5 38. Ne1 Be8 39. Nc2 Nc6 40. Kc1 Nd4 41. Ne1
Ne2+ 42. Kd2 Nf4 43. Nf3 Nxh3 44. Ke3 Nf4 45. Nh2 Ba4 46. Kd2 Bxb3 0-1

[Event "Bad Woerishofen sen"]
[Site "?"]
[Date "2008.03.05"]
[Round "7"]
[White "Klempt, Guenter"]
[Black "Neese, Hans-Joachim"]
[Result "0-1"]
[WhiteElo "2060"]
[BlackElo "2306"]
[PlyCount "138"]
[EventDate "2008.??.??"]
 
1. d4 Nf6 2. c4 e6 3. Nf3 d5 4. Nc3 c6 5. Bg5 Nbd7 6. cxd5 exd5 7. e3 Qa5 8.
Bxf6 Nxf6 9. Bd3 Bg4 10. O-O Bd6 11. Rc1 O-O 12. h3 Bh5 13. a3 Rfe8 14. Be2 Qd8
15. Nh4 g6 16. b4 a5 17. Qb3 axb4 18. axb4 Bxe2 19. Nxe2 Ra6 20. Ra1 Rb6 21.
Ra4 Ne4 22. Nf3 c5 23. b5 c4 24. Qb2 Qd7 25. Rb1 Rc8 26. Ra5 Qf5 27. Rc1 Bc7
28. Nc3 Nxc3 29. Qxc3 Qd7 30. Rb1 Re6 31. Ra7 Bb6 32. Ra2 Ree8 33. Ne5 Qe6 34.
Rba1 f6 35. Nf3 Kg7 36. Re1 Ra8 37. Rxa8 Rxa8 38. Ra1 Rc8 39. Re1 Re8 40. Ra1
h5 41. Re1 Qd7 42. Rb1 Ra8 43. Nh4 Qe7 44. Nf3 Ra3 45. Qc2 Qe8 46. Kh2 Bc7+ 47.
Kh1 b6 48. g3 f5 49. Kg2 Bd6 50. Kf1 Ra5 51. Nh4 Kf6 52. Ke2 Rxb5 53. g4 hxg4
54. hxg4 Rxb1 55. Qxb1 b5 56. gxf5 g5 57. Nf3 b4 58. Qh1 Qf8 59. Qh7 Qg7 60.
Qxg7+ Kxg7 61. Nxg5 b3 62. Nf3 Kf6 63. Kd2 Bb4+ 64. Kc1 c3 65. Ne1 Kxf5 66. Nd3
Ba3+ 67. Kb1 c2+ 68. Ka1 Ke4 69. Nc5+ Bxc5 0-1

[Event "Bad Woerishofen sen"]
[Site "?"]
[Date "2008.03.05"]
[Round "7"]
[White "Rahn, Oskar"]
[Black "Minz, Michael"]
[Result "1/2-1/2"]
[WhiteElo "2107"]
[BlackElo "2178"]
[PlyCount "102"]
[EventDate "2008.??.??"]
 
1. e4 e6 2. d4 d5 3. e5 c5 4. c3 Bd7 5. Nf3 Qb6 6. Be2 Bb5 7. O-O Bxe2 8. Qxe2
c4 9. Nbd2 Qa5 10. b4 Qd8 11. a4 Nc6 12. Re1 Nce7 13. Nf1 g6 14. Bg5 Bg7 15.
Qd2 Qd7 16. h3 h6 17. Be3 O-O-O 18. b5 Bf8 19. Qc2 Kb8 20. Bc1 Nf5 21. g4 Nfe7
22. Ba3 Nc8 23. Bxf8 Rxf8 24. Ng3 Nge7 25. Qe2 Rfg8 26. h4 Qe8 27. Kh2 Qf8 28.
Rg1 Rg7 29. Qe3 Ng8 30. Kg2 Qe7 31. Rge1 Qd8 32. a5 Nce7 33. Kh2 h5 34. g5 Nc8
35. Qf4 Nge7 36. Rg1 Re8 37. Rge1 Ng8 38. Kg2 Re7 39. Kh2 Rd7 40. Kg2 Rh7 41.
Kh2 Qf8 42. Kg2 Rh8 43. Kh2 Nge7 44. Rg1 Qg7 45. Qf6 Qh7 46. Qf4 Rhd8 47. Kg2
Ng8 48. Kh2 Qg7 49. Kh3 Qf8 50. Kh2 Qe8 51. Rgb1 Nce7 1/2-1/2

[Event "Bad Woerishofen sen"]
[Site "?"]
[Date "2008.03.05"]
[Round "7"]
[White "Geisler, Reinhard"]
[Black "Groenegres, Wilfried"]
[Result "1/2-1/2"]
[WhiteElo "2032"]
[BlackElo "2201"]
[PlyCount "45"]
[EventDate "2008.??.??"]
 
1. d4 Nf6 2. Bf4 e6 3. e3 c5 4. c3 b6 5. Nf3 Bb7 6. Bd3 Be7 7. h3 O-O 8. O-O
Be4 9. Bxe4 Nxe4 10. Nfd2 Nxd2 11. Nxd2 d5 12. Qe2 Nd7 13. Nf3 Nf6 14. Rfd1 c4
15. a4 Ne4 16. Nd2 Nxd2 17. Qxd2 Bd6 18. Bxd6 Qxd6 19. Qe2 a6 20. e4 b5 21.
axb5 axb5 22. exd5 Qxd5 23. Qe5 1/2-1/2

[Event "Bad Woerishofen sen"]
[Site "?"]
[Date "2008.03.05"]
[Round "7"]
[White "Fleckner, Hans"]
[Black "Weyrauch, Erich"]
[Result "0-1"]
[WhiteElo "1981"]
[BlackElo "2130"]
[PlyCount "62"]
[EventDate "2008.??.??"]
 
1. e4 c5 2. Nf3 d6 3. d4 cxd4 4. Nxd4 Nf6 5. Nc3 g6 6. Be3 Bg7 7. f3 Nc6 8. Qd2
O-O 9. Bc4 Bd7 10. O-O-O Qa5 11. h4 Rfc8 12. Bb3 Ne5 13. h5 Nxh5 14. Nd5 Qxd2+
15. Rxd2 Kf8 16. g4 Bxg4 17. fxg4 Nxg4 18. Bg5 e6 19. Be7+ Kg8 20. Rxh5 gxh5
21. Nxe6 fxe6 22. Nb6 axb6 23. Bxe6+ Kh8 24. Bxc8 Rxc8 25. Rxd6 Bh6+ 26. Kb1
Rc6 27. Rd8+ Kg7 28. Bb4 Bf4 29. Rd7+ Kg6 30. Rxb7 h4 31. Bc3 Be5 0-1

[Event "Bad Woerishofen sen"]
[Site "?"]
[Date "2008.03.05"]
[Round "7"]
[White "Weber, Gerhard Dr"]
[Black "Trefzer, Erhard"]
[Result "0-1"]
[WhiteElo "1959"]
[BlackElo "2088"]
[PlyCount "84"]
[EventDate "2008.??.??"]
 
1. e4 c5 2. Nf3 a6 3. c4 e6 4. Nc3 Qc7 5. g3 Nc6 6. Bg2 Nge7 7. d3 Ng6 8. h4 d6
9. h5 Nge5 10. Nxe5 dxe5 11. Be3 Bd7 12. h6 g6 13. Bg5 Be7 14. Bxe7 Kxe7 15.
Qd2 Rad8 16. O-O-O Be8 17. f4 f6 18. f5 Bf7 19. fxe6 Bxe6 20. Qf2 Nd4 21. Bh3
Rhf8 22. Bxe6 Kxe6 23. Nd5 Qa5 24. Kb1 Rf7 25. Qd2 Qxd2 26. Rxd2 b5 27. Rf2
bxc4 28. dxc4 Rdf8 29. g4 f5 30. exf5+ gxf5 31. g5 Rg8 32. Rg2 Rg6 33. Re1 Kd6
34. Re3 f4 35. Ra3 f3 36. Rxa6+ Nc6 37. Rd2 e4 38. Nf6+ Ke5 39. Rxc6 Rxg5 40.
Rd5+ Kf4 41. Nxe4 Rg1+ 42. Kc2 Kxe4 0-1

[Event "Bad Woerishofen sen"]
[Site "?"]
[Date "2008.03.05"]
[Round "7"]
[White "Ziltener, Werner"]
[Black "Delander, Adolf"]
[Result "1/2-1/2"]
[WhiteElo "2115"]
[BlackElo "2050"]
[PlyCount "60"]
[EventDate "2008.??.??"]
 
1. d4 d5 2. c4 c6 3. Nf3 Nf6 4. e3 e6 5. Nc3 Nbd7 6. Bd3 Bd6 7. O-O O-O 8. e4
dxc4 9. Bxc4 e5 10. Bg5 h6 11. Bh4 Qc7 12. d5 Nb6 13. Bb3 Nh7 14. Rc1 a6 15. a4
c5 16. Nd2 Bd7 17. a5 Nc8 18. Nc4 Bb5 19. Ra1 f6 20. Re1 Kh8 21. Qc2 Na7 22.
Rec1 Bxc4 23. Bxc4 Rfe8 24. Be2 Nf8 25. f3 Nd7 26. Bf2 Rec8 27. Qa4 Qd8 28. Nd1
Rab8 29. Ne3 Bf8 30. Nc4 Nb5 1/2-1/2

[Event "Bad Woerishofen sen"]
[Site "?"]
[Date "2008.03.05"]
[Round "7"]
[White "Villing, Dieter"]
[Black "Reichwald, Klaus"]
[Result "1-0"]
[WhiteElo "2209"]
[BlackElo "1970"]
[PlyCount "59"]
[EventDate "2008.??.??"]
 
1. e4 d6 2. d4 Nf6 3. Nc3 g6 4. Bg5 Bg7 5. Qd2 c6 6. O-O-O b5 7. f3 a5 8. Bh6
O-O 9. h4 Bxh6 10. Qxh6 Kh8 11. h5 Ng8 12. Qe3 Kg7 13. Nh3 Bxh3 14. Rxh3 Nd7
15. Bd3 Re8 16. e5 Nf8 17. hxg6 fxg6 18. Ne4 d5 19. Nc5 e6 20. Rdh1 Re7 21. g4
Qe8 22. f4 Kh8 23. f5 exf5 24. gxf5 gxf5 25. Bxf5 Rg7 26. Ne6 Raa7 27. Nxg7
Rxg7 28. Qg5 Qe7 29. Qh5 Rg5 30. Qxh7+ 1-0

[Event "Bad Woerishofen sen"]
[Site "?"]
[Date "2008.03.05"]
[Round "7"]
[White "Dahlhaus, Friedhelm"]
[Black "Ganslmayer, Herbert"]
[Result "1-0"]
[WhiteElo "2123"]
[BlackElo "2003"]
[PlyCount "107"]
[EventDate "2008.??.??"]
 
1. e4 g6 2. d4 Bg7 3. Nc3 c6 4. f4 d5 5. e5 h5 6. Nf3 Nh6 7. Be3 a5 8. Qd2 Nf5
9. Bf2 b5 10. Bd3 a4 11. a3 Qa5 12. O-O Na6 13. Rfe1 Nc7 14. Nh4 Be6 15. Rad1
Nxh4 16. Bxh4 Bf5 17. Bxf5 gxf5 18. Qd3 e6 19. Na2 Na6 20. c3 Kd7 21. Bg5 Qb6
22. Nb4 c5 23. Nxa6 Rxa6 24. Re3 c4 25. Qe2 Raa8 26. Rh3 Rh7 27. Rxh5 Rah8 28.
Rxh7 Rxh7 29. h4 Qd8 30. Kf2 Qg8 31. g4 fxg4 32. Qxg4 f6 33. exf6 Bxf6 34. Re1
Qf7 35. Kg3 Bxg5 36. fxg5 Qg6 37. Re3 Re7 38. h5 Qb1 39. g6 Qg1+ 40. Kf4 Qf2+
41. Rf3 Qh2+ 42. Kg5 Qd2+ 43. Qf4 Qxb2 44. h6 Qg2+ 45. Rg3 Qc2 46. g7 Qh7 47.
Qf8 Re8 48. Qf7+ Re7 49. Qg6 Qg8 50. Rf3 Qd8 51. Rf8 Qc7 52. Rf4 Qd8 53. Kh5
Qb8 54. Qg5 1-0

[Event "Bad Woerishofen sen"]
[Site "?"]
[Date "2008.03.05"]
[Round "7"]
[White "Aufmwasser, Guenter"]
[Black "Blutharsch, Walter"]
[Result "1-0"]
[WhiteElo "1808"]
[BlackElo "1886"]
[PlyCount "134"]
[EventDate "2008.??.??"]
 
1. Nf3 Nc6 2. b3 e5 3. Bb2 d6 4. e4 Nf6 5. Nc3 Be7 6. Bb5 O-O 7. Bxc6 bxc6 8.
O-O Bg4 9. d3 h6 10. h3 Bh5 11. g4 Bg6 12. Ne2 Nh7 13. Bc1 h5 14. Nh2 hxg4 15.
f4 gxh3 16. f5 Bh5 17. Qe1 Bh4 18. Ng3 Ng5 19. Qe3 g6 20. Nxh5 gxh5 21. Qe2 Kh8
22. Qxh5+ Nh7 23. Ng4 Rg8 24. Kh1 Bf6 25. Nh6 Rg7 26. Nxf7+ Rxf7 27. Qxf7 d5
28. Rf3 dxe4 29. Rxh3 Bg7 30. Bh6 Qf6 31. Bxg7+ Qxg7 32. Qxg7+ Kxg7 33. Rg1+
Kh8 34. dxe4 Rf8 35. Rg6 Rf7 36. Re6 Kg7 37. Rxh7+ Kxh7 38. Rxc6 Rd7 39. Kg2
Kg7 40. Kf2 Kf7 41. Ke3 Re7 42. Ra6 Ke8 43. Rxa7 Kd7 44. Ra6 Rh7 45. Kd3 Rh2
46. Kc3 Rh3+ 47. Kc4 c6 48. Ra4 Kd6 49. Kb4 Re3 50. Ka3 Rc3 51. Rc4 Re3 52. Kb2
Kc7 53. a4 Kb6 54. Ka3 c5 55. Kb2 Re2 56. b4 cxb4 57. Rxb4+ Kc5 58. Kb3 Re3+
59. c3 Re1 60. Rc4+ Kb6 61. Kc2 Ra1 62. Rb4+ Kc5 63. Rb5+ Kd6 64. Rd5+ Kc6 65.
a5 Ra2+ 66. Kb3 Re2 67. Rxe5 Re3 1-0

[Event "Bad Woerishofen op"]
[Site "?"]
[Date "2008.03.06"]
[Round "8"]
[White "Drozdovsky, Yuriy"]
[Black "Burmakin, Vladimir"]
[Result "1/2-1/2"]
[WhiteElo "2574"]
[BlackElo "2611"]
[PlyCount "41"]
[EventDate "2008.??.??"]
 
1. d4 d5 2. c4 c6 3. Nf3 Nf6 4. e3 Bf5 5. Nc3 e6 6. Nh4 Bg6 7. Nxg6 hxg6 8. Bd2
Nbd7 9. g3 Be7 10. b3 a6 11. Bg2 b5 12. Rb1 O-O 13. O-O Rc8 14. Qe2 Re8 15.
Rfd1 Qc7 16. Bc1 Qa7 17. Qd3 Red8 18. c5 e5 19. b4 e4 20. Qe2 Nh7 21. Qg4
1/2-1/2

[Event "Bad Woerishofen op"]
[Site "?"]
[Date "2008.03.06"]
[Round "8"]
[White "Borovikov, Vladislav"]
[Black "Lupor, Andre"]
[Result "1/2-1/2"]
[WhiteElo "2583"]
[BlackElo "2308"]
[PlyCount "41"]
[EventDate "2008.??.??"]
 
1. d4 Nf6 2. Nf3 g6 3. c4 Bg7 4. g3 d5 5. cxd5 Nxd5 6. Bg2 Nb6 7. Nc3 Nc6 8. e3
e5 9. d5 Ne7 10. e4 Bg4 11. O-O c6 12. a4 cxd5 13. a5 Nbc8 14. Nxd5 Nxd5 15.
exd5 O-O 16. h3 Bxf3 17. Qxf3 Nd6 18. a6 b6 19. Bd2 e4 20. Qb3 Re8 21. Rfe1
1/2-1/2

[Event "Bad Woerishofen op"]
[Site "?"]
[Date "2008.03.06"]
[Round "8"]
[White "Rozentalis, Eduardas"]
[Black "Iotov, Valentin"]
[Result "1/2-1/2"]
[WhiteElo "2567"]
[BlackElo "2495"]
[PlyCount "114"]
[EventDate "2008.??.??"]
 
1. e4 c5 2. Nf3 d6 3. d4 cxd4 4. Qxd4 a6 5. Be3 Nc6 6. Qb6 Qxb6 7. Bxb6 Nf6 8.
Nc3 Bg4 9. Nd5 Rc8 10. Nxf6+ gxf6 11. c3 Bh6 12. Nh4 Ne5 13. f3 Bd7 14. Nf5
Bxf5 15. exf5 e6 16. Rd1 Ke7 17. Kf2 Nc4 18. Bxc4 Rxc4 19. Rhe1 Rhc8 20. g3 Ra4
21. a3 Rc6 22. Bd4 Ra5 23. fxe6 fxe6 24. f4 e5 25. Be3 Kd7 26. Bc1 exf4 27.
gxf4 Rh5 28. Kg3 Rc8 29. h4 f5 30. Kh3 Bg7 31. Be3 Bf6 32. Bf2 Rc4 33. Bg3 Bxh4
34. Rh1 Bf6+ 35. Kg2 Rxh1 36. Rxh1 Re4 37. Rxh7+ Re7 38. Rh6 Bg7 39. Rg6 b5 40.
Bf2 Kc6 41. Kf3 Kd5 42. Bb6 Rd7 43. Ba5 Kc4 44. Bb4 Kb3 45. Bxd6 Kxb2 46. Be5
Bxe5 47. fxe5 Kxa3 48. Rxa6+ Kb3 49. Rc6 Rd1 50. e6 Re1 51. Kf4 Rf1+ 52. Kg5 f4
53. Rc5 Re1 54. Kf6 f3 55. Rxb5+ Kxc3 56. Rf5 Re3 57. e7 Kd2 1/2-1/2

[Event "Bad Woerishofen op"]
[Site "?"]
[Date "2008.03.06"]
[Round "8"]
[White "Kunin, Vitaly"]
[Black "Teske, Henrik"]
[Result "1/2-1/2"]
[WhiteElo "2538"]
[BlackElo "2493"]
[PlyCount "64"]
[EventDate "2008.??.??"]
 
1. d4 d5 2. c4 c6 3. Nf3 Nf6 4. Nc3 dxc4 5. a4 e6 6. e3 c5 7. Bxc4 Nc6 8. O-O
Be7 9. Qe2 cxd4 10. exd4 O-O 11. Rd1 Nb4 12. Bg5 Nbd5 13. Ne5 Bd7 14. Nxd5 Nxd5
15. Bxd5 Bxg5 16. Bxb7 Rb8 17. Be4 Be8 18. Qc2 g6 19. d5 exd5 20. Rxd5 Qe7 21.
Re1 f5 22. Bf3 Qb4 23. Nd3 Qxa4 24. Qc7 Bf7 25. Rd7 Rfc8 26. Qxa7 Qxa7 27. Rxa7
Bf6 28. h3 Re8 29. Rxe8+ Rxe8 30. Rb7 Rd8 31. Be2 Rd4 32. Kf1 Bc4 1/2-1/2

[Event "Bad Woerishofen op"]
[Site "?"]
[Date "2008.03.06"]
[Round "8"]
[White "Karpatchev, Alexander"]
[Black "Espig, Lutz"]
[Result "1-0"]
[WhiteElo "2484"]
[BlackElo "2326"]
[PlyCount "74"]
[EventDate "2008.??.??"]
 
1. e4 d6 2. d4 Nf6 3. Nc3 g6 4. f4 Bg7 5. Nf3 c5 6. Bb5+ Bd7 7. e5 Ng4 8. Bxd7+
Qxd7 9. d5 dxe5 10. h3 e4 11. hxg4 exf3 12. Qxf3 Na6 13. Bd2 O-O-O 14. O-O-O
Nc7 15. Be1 Kb8 16. Bh4 Nb5 17. Nxb5 Qxb5 18. c3 Rd7 19. Rhe1 f6 20. f5 Bh6+
21. g5 fxg5 22. Qg3+ Kc8 23. Bxg5 Bxg5+ 24. Qxg5 Qa6 25. Rxe7 Qxa2 26. f6 Qa1+
27. Kc2 Qa4+ 28. Kd2 Rhd8 29. Rxd7 Rxd7 30. Qe5 Qg4 31. f7 Qxg2+ 32. Kc1 Qf3
33. Qe8+ Rd8 34. Re1 Qxd5 35. Qxd8+ Kxd8 36. f8=Q+ Kc7 37. Qe7+ Kb6 1-0

[Event "Bad Woerishofen op"]
[Site "?"]
[Date "2008.03.06"]
[Round "8"]
[White "Salvermoser, Bernd"]
[Black "Skembris, Spyridon"]
[Result "0-1"]
[WhiteElo "2296"]
[BlackElo "2469"]
[PlyCount "104"]
[EventDate "2008.??.??"]
 
1. d4 Nf6 2. c4 c5 3. d5 e5 4. Nc3 d6 5. e4 Be7 6. Nge2 Nbd7 7. Ng3 g6 8. Bh6
a6 9. Bd3 Bf8 10. Be3 h5 11. f3 h4 12. Nge2 Bh6 13. Bf2 Bg5 14. Bc2 Kf8 15. a3
Kg7 16. b4 b6 17. Ba4 Nh5 18. Bc6 Ra7 19. Qa4 Rc7 20. Bxd7 Rxd7 21. bxc5 bxc5
22. Rb1 Qf6 23. h3 Rdd8 24. Rb6 Bf4 25. Kf1 Qg5 26. Qc2 Be3 27. Nd1 Bxf2 28.
Kxf2 f5 29. Ndc3 Ng3 30. Rd1 Rhf8 31. Nxg3 hxg3+ 32. Kf1 Qh4 33. Kg1 Rf6 34.
Rc6 Rdf8 35. Rc7+ R6f7 36. Rxf7+ Rxf7 37. Rb1 g5 38. exf5 Qxc4 39. Qd2 Qd4+ 40.
Qxd4 exd4 41. Ne2 Bxf5 42. Rc1 Kf6 43. Nxg3 Ke5 44. Nxf5 Rxf5 45. Kf2 Kxd5 46.
g4 Re5 47. f4 gxf4 48. h4 d3 49. h5 c4 50. h6 Re2+ 51. Kf3 Rh2 52. g5 d2 0-1

[Event "Bad Woerishofen op"]
[Site "?"]
[Date "2008.03.06"]
[Round "8"]
[White "Loew, Gerald"]
[Black "Wohl, Alexander"]
[Result "1-0"]
[WhiteElo "2287"]
[BlackElo "2418"]
[PlyCount "43"]
[EventDate "2008.??.??"]
 
1. c4 b6 2. Nc3 Bb7 3. e4 e6 4. Nf3 Bb4 5. Bd3 Ne7 6. O-O O-O 7. a3 Bxc3 8.
dxc3 d6 9. e5 h6 10. Bf4 dxe5 11. Nxe5 f6 12. Ng6 Nxg6 13. Bxg6 e5 14. Be3 Qc8
15. f4 f5 16. fxe5 Qe6 17. Qh5 Be4 18. g4 Nd7 19. gxf5 Qxe5 20. Bd4 Qd6 21.
Rae1 Qc6 22. Qg4 1-0

[Event "Bad Woerishofen op"]
[Site "?"]
[Date "2008.03.06"]
[Round "8"]
[White "Ivanov, Michail"]
[Black "Einwiller, Dieter"]
[Result "1-0"]
[WhiteElo "2483"]
[BlackElo "2169"]
[PlyCount "99"]
[EventDate "2008.??.??"]
 
1. d4 d5 2. c4 c6 3. Nf3 e6 4. Bg5 Be7 5. Bxe7 Qxe7 6. Qb3 Nd7 7. e3 Ngf6 8.
Nc3 O-O 9. Be2 dxc4 10. Qxc4 e5 11. O-O Nb6 12. Qc5 Qxc5 13. dxc5 Nbd7 14. b4
Re8 15. Nd2 Nd5 16. Nxd5 cxd5 17. Nb3 Nf6 18. Rfd1 Be6 19. Bf3 Rec8 20. Rac1
Rc7 21. h3 Rac8 22. g4 h6 23. Bg2 b6 24. f4 exf4 25. exf4 g6 26. Nd4 Bd7 27.
Nb3 Ba4 28. cxb6 axb6 29. Rxc7 Rxc7 30. Rc1 Rc4 31. Rxc4 dxc4 32. Nc1 h5 33. g5
Ne8 34. Ne2 Nd6 35. Nc3 Bd7 36. h4 b5 37. Kf2 Kf8 38. Be4 Ke7 39. Ke3 Ke6 40.
Bd5+ Kf5 41. Kf3 Be6 42. Bc6 Bc8 43. Nxb5 Nxb5 44. Bxb5 Bb7+ 45. Ke3 Kg4 46.
Bxc4 Kxh4 47. Bxf7 Kg3 48. Bxg6 h4 49. Bf5 Bg2 50. g6 1-0

[Event "Bad Woerishofen op"]
[Site "?"]
[Date "2008.03.06"]
[Round "8"]
[White "Jaenig, Reinhard"]
[Black "Keller, Manfred"]
[Result "0-1"]
[WhiteElo "2164"]
[BlackElo "2237"]
[PlyCount "54"]
[EventDate "2008.??.??"]
 
1. e4 e5 2. Nf3 Nc6 3. Bb5 a6 4. Ba4 f5 5. d3 fxe4 6. dxe4 Nf6 7. O-O Bc5 8.
Nc3 d6 9. h3 O-O 10. Qd3 Kh8 11. Bg5 h6 12. Bd2 Nh5 13. Nd5 Ne7 14. Nh4 Kh7 15.
Nxe7 Qxe7 16. Nf5 Qf6 17. g4 g6 18. Bxh6 gxf5 19. Bxf8 Nf4 20. Qf3 fxg4 21.
hxg4 Qxf8 22. Qh1+ Qh6 23. Qxh6+ Kxh6 24. Kh2 Bxg4 25. Kg3 Rg8 26. Bb3 Rg5 27.
Rg1 Bd1+ 0-1

[Event "Bad Woerishofen op"]
[Site "?"]
[Date "2008.03.06"]
[Round "8"]
[White "Stuemer, Paul"]
[Black "Schulz, Michael"]
[Result "1-0"]
[WhiteElo "2160"]
[BlackElo "2226"]
[PlyCount "91"]
[EventDate "2008.??.??"]
 
1. e4 e6 2. d3 d5 3. Qe2 Nf6 4. Nf3 Be7 5. g3 b6 6. Bg2 Bb7 7. e5 Nfd7 8. O-O
c5 9. c4 d4 10. h4 h6 11. h5 Nc6 12. Bf4 Qc7 13. Na3 a6 14. Nc2 g5 15. hxg6
fxg6 16. b4 g5 17. Bd2 g4 18. Nh2 Ncxe5 19. Nxg4 Bxg2 20. Nxe5 Qxe5 21. Qxe5
Nxe5 22. Kxg2 Nxd3 23. bxc5 Bxc5 24. Ne1 Ne5 25. Rc1 Ba3 26. Rc2 Rc8 27. Bf4
Ng6 28. Nd3 Nxf4+ 29. gxf4 Bd6 30. Rb1 b5 31. c5 Bc7 32. a4 bxa4 33. Ra2 O-O
34. Rxa4 a5 35. Rb7 Bxf4 36. Rxd4 Rc7 37. c6 Rxb7 38. cxb7 Bb8 39. Rc4 Kf7 40.
Rc8 Ke7 41. Nc5 Bd6 42. Nxe6 Kxe6 43. Rxf8 Kd7 44. b8=Q Bxb8 45. Rxb8 Kc7 46.
Rh8 1-0

[Event "Bad Woerishofen op"]
[Site "?"]
[Date "2008.03.06"]
[Round "8"]
[White "Wiesbeck, Florian"]
[Black "Schaefer, Michael"]
[Result "0-1"]
[WhiteElo "1992"]
[BlackElo "2219"]
[PlyCount "86"]
[EventDate "2008.??.??"]
 
1. d4 d5 2. Nf3 Nf6 3. c4 e6 4. Nc3 Be7 5. cxd5 exd5 6. Bg5 c6 7. e3 Bf5 8. Bd3
Bxd3 9. Qxd3 O-O 10. h3 Nbd7 11. O-O Re8 12. Rfe1 Ne4 13. Bxe7 Qxe7 14. a3 a5
15. Rac1 Nb6 16. Nd2 Nxd2 17. Qxd2 Nc4 18. Qc2 Nd6 19. Na4 Qg5 20. Qe2 Re6 21.
Qg4 Qh6 22. Nc5 Rg6 23. Qf3 Re8 24. Nd3 Ne4 25. Nf4 Rf6 26. Qg4 g5 27. f3 Nd6
28. Nh5 Rg6 29. Ng3 Rge6 30. Kf2 Qg6 31. f4 h6 32. Qd1 Ne4+ 33. Nxe4 Rxe4 34.
Qf3 f5 35. g3 Kg7 36. Re2 Qf6 37. Rce1 Qg6 38. g4 Rf8 39. Kg2 fxg4 40. Qxg4
gxf4 41. Qxg6+ Kxg6 42. exf4 Rfxf4 43. Rxe4 Rxe4 0-1

[Event "Bad Woerishofen op"]
[Site "?"]
[Date "2008.03.06"]
[Round "8"]
[White "Rolle, Eric"]
[Black "Babar, Michael"]
[Result "0-1"]
[WhiteElo "2213"]
[BlackElo "2145"]
[PlyCount "76"]
[EventDate "2008.??.??"]
 
1. e4 e5 2. Nf3 Nc6 3. d4 exd4 4. Nxd4 Nf6 5. Nxc6 bxc6 6. e5 Qe7 7. Qe2 Nd5 8.
c4 Nb6 9. b3 Qe6 10. Bb2 a5 11. f4 Bb4+ 12. Kd1 O-O 13. a3 Bc5 14. Nd2 d5 15.
Rc1 dxc4 16. Qe4 Rd8 17. Ke1 Qd7 18. Nf3 c3 19. Bxc3 Bxa3 20. Ra1 Bb4 21. Bxb4
axb4 22. Rxa8 Qd1+ 23. Kf2 Nxa8 24. Qxb4 Bg4 25. Qc3 Nb6 26. Rg1 Nd5 27. Qc4
Bxf3 28. gxf3 Qd2+ 29. Kg3 Qe1+ 30. Kh3 Qe3 31. Rg3 Nxf4+ 32. Kg4 h5+ 33. Kf5
g6+ 34. Kg5 Qxe5+ 35. Kh6 Ne6 36. Rxg6+ fxg6 37. Qxe6+ Qxe6 38. Bc4 Rd5 0-1

[Event "Bad Woerishofen op"]
[Site "?"]
[Date "2008.03.06"]
[Round "8"]
[White "Bohnstorff, Michael"]
[Black "Doell, Detlef"]
[Result "1/2-1/2"]
[WhiteElo "2165"]
[BlackElo "2141"]
[PlyCount "60"]
[EventDate "2008.??.??"]
 
1. d4 Nf6 2. Nf3 g6 3. c3 b6 4. Bf4 Bb7 5. e3 Bg7 6. Bc4 O-O 7. O-O d6 8. a4 c5
9. Nbd2 h6 10. h3 Nbd7 11. Bg3 Qe8 12. Qc2 Kh8 13. Rfd1 a6 14. Nh2 e5 15. dxe5
Nxe5 16. Nhf3 Nxf3+ 17. Nxf3 d5 18. Be2 Ne4 19. Bh2 Qe6 20. Nd2 Nd6 21. Bf3 Be5
22. Bxe5+ Qxe5 23. c4 Rab8 24. cxd5 Bxd5 25. Bxd5 Qxd5 26. Qc3+ Kg8 27. Nf3 Qe6
28. Qd3 Nc4 29. Qc3 Rfd8 30. b3 Nd6 1/2-1/2

[Event "Bad Woerishofen op"]
[Site "?"]
[Date "2008.03.06"]
[Round "8"]
[White "Tichacek, Luis"]
[Black "Bretscher, Robert"]
[Result "1-0"]
[WhiteElo "1805"]
[BlackElo "1658"]
[PlyCount "87"]
[EventDate "2008.??.??"]
 
1. d4 Nf6 2. c4 e5 3. e3 exd4 4. exd4 Be7 5. Nf3 d6 6. Nc3 O-O 7. Bd3 Bg4 8.
O-O Nc6 9. Be3 a6 10. a3 Re8 11. h3 Bh5 12. Ne4 Bf8 13. Ng3 Bg6 14. Bxg6 fxg6
15. Qd3 Qd7 16. Rfe1 Ne7 17. Bd2 Nf5 18. Nf1 Kh8 19. g4 Ne7 20. Ng3 h5 21. g5
Nfg8 22. Kh2 Nf5 23. d5 Nxg3 24. Qxg6 Qf5 25. Qxf5 Nxf5 26. g6 Nf6 27. Ng5 Rxe1
28. Rxe1 Re8 29. Ne6 Rc8 30. b4 Nh4 31. Kg3 Nxg6 32. f4 Ne7 33. a4 Nf5+ 34. Kf2
Be7 35. Ng5 Nd7 36. Bc3 Bf6 37. Bxf6 Nxf6 38. b5 c6 39. dxc6 bxc6 40. bxa6 Kg8
41. Rb1 Nd7 42. Rb7 Nf8 43. a7 Ra8 44. Ne6 1-0